[Event "Biel 53rd"]
[Site "Biel"]
[Date "2020.07.29"]
[Round "7"]
[White "Edouard, Romain"]
[Black "Keymer, Vincent"]
[Result "1-0"]
[WhiteElo "2649"]
[BlackElo "2558"]
[Annotator "Edouard,R"]
[PlyCount "75"]
[EventDate "2020.07.21"]
[EventType "tourn"]
[EventRounds "7"]
[EventCountry "SUI"]
[EventCategory "17"]
[SourceTitle "CBM 197"]
[Source "ChessBase"]
[SourceDate "2020.07.27"]
[SourceVersion "1"]
[SourceVersionDate "2020.07.27"]
[SourceQuality "1"]

{[%evp 0,75,58,32,100,57,102,58,109,49,87,51,90,48,39,39,45,45,25,25,-19,0,-20,
-23,-23,13,-20,-24,-1,-31,1,1,6,21,15,3,52,52,54,41,60,34,17,-4,7,-25,-25,-39,
-8,-48,-20,-20,-28,-53,19,17,181,191,199,193,193,157,558,688,595,736,736,670,
953,1029,1029,1047,1292,1435,1439,721,721,749]} 1. e4 c5 2. Nf3 d6 3. Bb5+ Nd7
4. Ba4 $5 {An interesting prophylactical move, which I discovered a few days
before, when Michael Adams played it as White against myself!} Ngf6 ({Another
answer is} 4... a6 5. c4 e5 {but the position looks easier to play for White:}
6. Nc3 Ne7 7. O-O Ng6 8. a3 Be7 9. b4 O-O 10. d3 Nb6 11. Bc2 f5 12. bxc5 dxc5
13. h3 f4 14. Rb1 Nd7 15. Nd5 $16 {1-0 (42) Vokhidov,S (2512)-Firouzja,A (2728)
chess.com 2020}) 5. O-O {Here is the whole idea. If Black loses a tempo with ..
.a6, White plays with c4. Otherwise he plays c3 and d4.} (5. c4 $6 {doesn't
convince me:} Nxe4 6. O-O Nef6 7. d4 e6 8. Nc3 Be7 (8... cxd4 $1 9. Nxd4 Be7
10. Ndb5 O-O 11. Nxd6 Nb6 $132) 9. dxc5 dxc5 10. Bf4 O-O 11. Qe2 Qa5 12. Rad1
Nb6 13. Bc2 $44 {1-0 (29) Eljanov,P (2672)-Korobov,A (2688) chess.com 2020})
5... e6 {One of the possible moves. It isn't clear yet what is the best way
for Black to play, e.g.} (5... a6 6. c4 $5 {was played many times by Nakamura
as White.} g6 (6... e5 7. d3 g6 8. Nc3 Bg7 9. a3 O-O 10. b4 h6 11. Rb1 Qc7 12.
Bd2 b6 13. Ne1 Nb8 14. Nc2 $14 {½-½ (40) Nakamura,H (2736)-Nepomniachtchi,I 
(2784) chess24.com 2020}) (6... Nxe4 $2 {is a mistake as after} 7. Re1 Nef6 8.
d4 cxd4 9. Nxd4 {Black has difficulties to develop, e.g.} e6 (9... g6 10. Bf4
$16) 10. Nc3 Be7 11. Rxe6 $1 $16) 7. Nc3 Bg7 8. h3 O-O 9. d3 Rb8 (9... Ne8 10.
d4 $5 Nc7 11. Bxd7 cxd4 12. Bxc8 dxc3 13. Bxb7 Rb8 14. bxc3 Rxb7 15. Be3 Bxc3
16. Rc1 Bb2 17. Rb1 Ne6 18. e5 Qc7 19. exd6 exd6 20. Qd5 Rbb8 21. Rfd1 $14 {
½-½ (43) Nakamura,H (2754)-Vachier Lagrave,M (2779) Zagreb 2019}) 10. Rb1 Qa5
11. Bd2 Qc7 12. a3 e6 13. b4 b6 14. bxc5 bxc5 15. Qc2 Nb6 16. Bb3 Nfd7 17. Na4
Na8 18. Bc3 $14 {The a8-knight is pretty bad, and doesn't have a bright future:
1-0 (40) Nakamura,H (2736)-Duda,J (2753) chess24.com 2020.}) (5... g6 6. Re1
Bg7 7. c3 O-O 8. d4 e5 9. dxe5 Nxe5 (9... dxe5 10. Bc2 Qe7 11. c4 Qe6 12. b3
Nb8 13. Nc3 Nc6 14. Nd5 $14 {½-½ (48) Vokhidov,S (2512)-Sevian,S (2660)
chess.com 2020}) 10. Nxe5 dxe5 11. Qe2 a6 12. c4 Nh5 13. g3 f5 14. Rd1 Qf6 15.
exf5 Bxf5 16. Nc3 $16 {1-0 (33) Nakamura,H (2736)-Fedoseev,V (2678) chess.com
2020}) (5... Nxe4 $6 {is too dangerous: that's the whole point of the line!} 6.
Re1 Nef6 7. d4 e6 (7... cxd4 $6 8. Nxd4 d5 $2 9. Bf4 a6 10. Nc3 e6 11. Rxe6+ $1
fxe6 12. Nxe6 $18 {1-0 (27) Adams,M (2701)-Edouard,R (2649) Biel 2020 (blitz)})
8. d5 e5 9. Nxe5 $1 Be7 (9... dxe5 $2 10. Rxe5+ Be7 11. d6 $18) 10. Nf3 (10.
Nc4 $5 $14) 10... O-O 11. c4 a6 12. Nc3 b5 13. cxb5 Nb6 14. b3 a5 15. Bg5 h6
16. Bh4 Bb7 17. Qe2 Re8 $44 {0-1 (36) Eljanov,P (2672)-Korobov,A (2688) chess.
com 2020}) 6. Re1 (6. c4 Nxe4 7. d4 Be7 {is too slow for White, I believe.})
6... a6 (6... Be7 7. c3 a6 8. d4 b5 9. Bc2 Bb7 10. Nbd2 {is another subject,
but generally Black prefers more forcing lines.}) 7. c4 (7. c3 b5 8. Bc2 c4 {
would now transpose into a well-known line, acknowledged as fine for Black.})
7... Be7 8. d4 ({White has no time to exchange the light-squared bishop:} 8.
Nc3 O-O 9. Bxd7 $6 Bxd7 10. d4 $6 cxd4 11. Nxd4 Rc8 $15 {0-1 (34) Maze,S (2557)
-Nepomniachtchi,I (2784) chess.com 2020}) 8... cxd4 9. Nxd4 O-O 10. Nc3 Qc7 11.
Qe2 Ne5 12. Bb3 {Not the most pleasant move to play - but White isn't going to
play b2-b3 if his bishop stands on a4.} Bd7 13. f4 {Before Black puts a rook
on c8.} Ng6 ({I do not think White has any advantage after the standard} 13...
Nc6 $5 {- e.g.} 14. Be3 (14. Nxc6 Bxc6 $132) 14... Rfe8 $1 (14... Nxd4 15. Bxd4
Qa5 $6 16. e5 dxe5 17. fxe5 Bc5 18. Red1 Ne8 19. Qe3 $16) 15. Nxc6 Bxc6 16. Bf2
Qa5 17. a3 b5 18. Rac1 bxc4 19. Bxc4 d5 $11) ({A fun alternative goes:} 13...
Qb6 14. Be3 Neg4 15. Nf5 Bd8 $1 16. Bxb6 Bxb6+ 17. Ne3 Bxe3+ 18. Qxe3 Nxe3 19.
Rxe3 Bc6 20. Rd1 Rfd8 $11) 14. Kh1 e5 15. Nf5 Bd8 {A very suspect position for
Black, but it isn't that bad!} (15... Bxf5 $2 16. exf5 Nxf4 $2 17. Bxf4 exf4
18. Qxe7 $18) 16. fxe5 $1 ({I strongly wanted to play} 16. Nxg7 Kxg7 17. f5 {
but after} Nf4 18. Qf3 Bc6 19. g3 N4h5 20. g4 Nf4 {I couldn't make it work for
White. My final instrinct was probably right!}) 16... Nxe5 17. Bf4 ({I didn't
like} 17. Bg5 {because of} Be6 $13) 17... Re8 $6 (17... Rc8 {to attack the
c4-pawn would have been better, e.g.} 18. Rad1 Bxf5 19. exf5 Nxc4 $13) 18. Rad1
Bxf5 19. exf5 Qc8 $2 {A nice bluff when Black's position was worse anyway!} 20.
Qc2 $2 {Just failing to find the appropriate solution.} (20. Rxd6 $1 {did work:
} Qxf5 21. Bxe5 Bc7 (21... Ng4 22. Rd5 Bc7 23. Bg3 $1 $18) 22. c5 Bxd6 23. cxd6
Nd7 24. Nd5 Qxe5 25. Ne7+ Rxe7 26. dxe7 Qxe2 27. Rxe2 Re8 28. Bd5 $18) 20...
Ba5 21. Ba4 $2 {A nonsense idea!} Qxc4 22. Bg5 (22. Bxe8 Qxf4 {looked awful
for White.}) 22... Bxc3 23. bxc3 b5 $2 (23... Ned7 $1 $17) 24. Bb3 Qg4 25. Bxf6
gxf6 26. Qf2 {Now at least I do have compensation for equality.} Kh8 27. Rxd6
Rad8 $4 (27... Qg5 {and Black was totally fine.}) 28. Rxd8 Rxd8 29. Qb6 $1 {
Suddenly White wins! Not too often you receive such presents!} Re8 (29... Rd2
30. Qxf6+ Kg8 31. Bxf7+ $1 $18) (29... Rg8 30. Qxf6+ Rg7 31. Bd5 $1 $18) 30.
Bxf7 $1 Qh4 (30... Rf8 31. Qxf6+ Qg7 32. Qxe5 $18) 31. g3 (31. Re4 $5) 31...
Qh6 32. Bxe8 Ng4 33. Bh5 $5 Qxh5 34. Qb8+ Kg7 35. Re7+ Kh6 36. Qf8+ Kg5 37.
Rg7+ Kxf5 38. Qc8+ 1-0

[Event "EU-ch 13th"]
[Site "Plovdiv"]
[Date "2012.03.29"]
[Round "9"]
[White "Simacek, Pavel"]
[Black "Edouard, Romain"]
[Result "0-1"]
[WhiteElo "2447"]
[BlackElo "2607"]
[Annotator "Edouard,R"]
[PlyCount "72"]
[EventDate "2012.03.20"]
[EventType "swiss"]
[EventRounds "11"]
[EventCountry "BUL"]
[SourceTitle "CBM 148"]
[Source "ChessBase"]
[SourceDate "2012.05.16"]
[SourceVersion "1"]
[SourceVersionDate "2012.05.16"]
[SourceQuality "1"]

1. e4 c5 2. Nf3 d6 3. Bb5+ Nd7 4. c3 (4. d4 {or 4.0-0 is more usual.}) 4...
Ngf6 5. Qe2 a6 6. Ba4 e6 $5 {I believe this is one of the best setups here. It
also gives more winning possibilities than Ruy Lopez setups with ...b5 and ...
e5, which are probably also fine.} 7. O-O Be7 8. d4 b5 9. Bc2 Bb7 10. Bg5 {
Probably not the best. But many other moves like Nbd2, Re1, Rd1 or a4 have
been tried here, without great success.} h6 $5 11. Bh4 (11. Bf4 {is also
possible here. Having played ...h6 is not always good in that kind of pawn
structures (e5 and Qe4 might come later). I think best here would have been to
delay castling by playing something like} Qc7 $5 {with the idea of} 12. a4 b4
$5 {and Black seems very fine.}) 11... g5 $5 {It is difficult to say if that
move is objectively best, but it is definitely interesting. The idea is not to
attack the kingside like crazy, but to take the bishop pair and some space. Of
course Black will have problems castling, but on the other hand, ...g4 and ...
h5 will come and Black will be able to create problems from White's central
pawns, by playing ...Qb6 after having dislocated the White's knight on f3.} 12.
Bg3 Nh5 13. Nbd2 $6 {Too slow. In my opinion, it is a huge positional mistake
not to create counterplay on the other side immediately.} ({I think} 13. a4 {
was necessary, and I would have had several options here, like the simple} b4
$5 ({or} 13... Qb6 $5)) 13... Nxg3 ({It was also possible to start with} 13...
g4 {but I felt that putting the knight on h2 was simply wrong.}) 14. hxg3 g4
15. Nh2 (15. Ne1 cxd4 $5 (15... h5 16. a4 cxd4 17. cxd4 Qb6 {is also good.})
16. cxd4 Bf6 {is very fine for Black.}) 15... cxd4 16. cxd4 Qb6 $5 {I already
prefer Black's position, since White should either push d5, which is weakening,
or defend the d4-pawn in not so natural a way, or exchange a central pawn
against the one on g4.} 17. d5 {Solving the problem of the d4-pawn but
weakening the dark squares quite a lot.} (17. Nb3 h5 18. a4 Bf6 {is very good
for Black.} (18... bxa4 $5 19. Rxa4 Bc6)) 17... h5 18. a4 (18. dxe6 fxe6 19.
Bb3 Nc5 (19... Kf7 $5) (19... Rh6 $5) 20. Qe3 Qa7 {is much better for Black.})
18... Rc8 $1 {It is important to avoid the rook exchange in order to keep a
solid queenside.} 19. Bd3 (19. Bb3 Nc5 $17) 19... Ne5 {The simplest.} (19...
bxa4 $5) 20. axb5 Nxd3 21. Qxd3 Qxb5 22. Qe3 (22. Qxb5+ axb5 23. Ra7 Rc7 {
is better for Black, e.g.} 24. Nb3 Kd7 25. Nd4 Ra8 $1 26. Rxa8 Bxa8 27. Ra1 Bb7
28. Nxb5 Rc2 $17) (22. Qd4 O-O $1 {is better for Black.} (22... e5 $5 {
followed by ...f5 was my other idea.})) 22... exd5 23. Rfe1 (23. e5 $2 d4 $19)
23... Bf6 $1 $17 {The simplest, avoiding all kinds of e5-push. Black is
threatening ...d4, which forces White to take on d5. Black recovers the pawn
one move later.} (23... O-O $5) 24. exd5+ Kf8 25. Ne4 Qxd5 26. Qb6 Be5 27. Rad1
Qc6 28. Qb4 $6 (28. Qxc6 Rxc6 29. f4 {was the best practical chance, though
after something like} Bxb2 30. Nxd6 Bc8 {I felt like Black should just be
winning.}) 28... Rh6 $1 $19 {Now the game is over. White has huge problems
with his two knights and cannot get any counterplay.} 29. f4 (29. f3 Re6 $19)
29... Bg7 30. Nf1 (30. Rxd6 Rxd6 31. Qxd6+ Qxd6 32. Nxd6 Rb8 $19) 30... Re8 31.
Rc1 Qd5 (31... a5 $5 $19) (31... Rxe4 $1 {was the most beautiful win:} 32. Rxe4
Qxe4 33. Rc8+ Ke7 34. Rc7+ Ke8 35. Qxb7 Bd4+ 36. Kh2 Qxb7 37. Rxb7 Bf2 {
followed by ...h4 and mate!}) 32. Kh2 (32. Rc4 Bc6 33. Ne3 Qb5 $19) 32... a5 $5
{The simplest.} (32... h4 $5) 33. Qa4 {Threatening Qxe8+.} Rhe6 34. Nfd2 f5 35.
Rc7 fxe4 36. f5 R6e7 0-1

[Event "USA-ch"]
[Site "Long Beach"]
[Date "1993.??.??"]
[Round "1"]
[White "Kamsky, Gata"]
[Black "Gurevich, Dmitry"]
[Result "1/2-1/2"]
[WhiteElo "2645"]
[BlackElo "2575"]
[Annotator "Ernst,T"]
[PlyCount "137"]
[EventDate "1993.12.??"]
[EventType "tourn"]
[EventRounds "11"]
[EventCountry "USA"]
[EventCategory "14"]
[SourceTitle "CBM 039"]
[Source "ChessBase"]
[SourceDate "1994.04.01"]
[SourceVersion "1"]
[SourceVersionDate "1994.04.01"]
[SourceQuality "1"]

1. e4 c5 2. Nf3 d6 3. Bb5+ Nd7 4. d4 Ngf6 5. Nc3 a6 6. Bxd7+ Nxd7 7. O-O (7. a4
b6 8. O-O Bb7 9. d5 Nf6 10. Be3 e6 $13 {Shabanov,Y-Skudnov,S/URS-chT/Podolsk/
1990/}) (7. Bg5 Qa5 8. O-O e6 9. dxc5 Qxc5 10. Re1 $1 $16 {Georgiev,
Kr-Kotronias,V/Xanthi 54-189/1991/}) 7... e6 8. Bg5 (8. dxc5 Nxc5 9. Bf4 Qc7
10. Qd2 b5 11. b4 Nd7 12. Rfd1 Bb7 13. Bxd6 Bxd6 14. Qxd6 Rc8 $44 {Rechlis,
G-Mestel,A/Beersheba/1988/}) 8... Qc7 9. a4 h6 10. Bh4 cxd4 11. Nxd4 Ne5 12.
Kh1 g5 13. Bg3 h5 $15 14. f3 h4 15. Bf2 h3 16. g3 b6 17. f4 gxf4 18. gxf4 Nc4
19. f5 Nxb2 20. Qf3 Nc4 21. fxe6 fxe6 22. Bg3 Nd2 23. Qf6 Nxf1 24. Qxh8 Nxg3+
25. hxg3 Qg7 26. Qh5+ Qf7 27. Qxh3 Ra7 28. Kg1 (28. Rf1 Qh7 $15) 28... Qf6 29.
Nde2 Rf7 30. Rf1 Qg5 31. Rxf7 Kxf7 32. Qf1+ Ke7 33. Qf3 Bg7 34. Qd3 Qc5+ 35.
Kg2 Bb7 36. Kh3 Qh5+ 37. Kg2 Qc5 38. Kh3 Bc6 39. g4 Bf6 40. Qg3 Qg5 41. Qf3
Qh6+ 42. Kg3 Qd2 43. Qd3 Qe1+ (43... Qxd3+ 44. cxd3 b5 $15) 44. Kg2 Qh4 45. Qf3
Qg5 46. Kh3 Be5 47. Qd3 Qh6+ 48. Kg2 Qh2+ 49. Kf1 Qh1+ 50. Kf2 Qh4+ 51. Kf1
Qxg4 $17 52. Qe3 Bd7 53. Ke1 b5 54. axb5 axb5 55. Nd1 Bf6 56. Nf2 Qg7 57. Nd3
Bh4+ 58. Kd1 Qa1+ 59. Kd2 Bf6 60. Nb4 Qb2 61. Nd3 Qa1 62. e5 $1 $15 Bxe5 63.
Nxe5 Qxe5 64. Qxe5 dxe5 65. c3 Kd6 66. Ng3 Kd5 67. Nf1 Ke4 68. Ne3 Kf3 69. Nc2
1/2-1/2

[Event "Reggio Emilia 9798 40th"]
[Site "Reggio Emilia"]
[Date "1997.12.29"]
[Round "4"]
[White "Bellini, Fabio"]
[Black "Mantovani, Renzo"]
[Result "1-0"]
[WhiteElo "2415"]
[BlackElo "2375"]
[Annotator "Finkel,A"]
[PlyCount "54"]
[EventDate "1997.12.26"]
[EventType "tourn"]
[EventRounds "11"]
[EventCountry "ITA"]
[EventCategory "10"]
[SourceTitle "CBM 063"]
[Source "ChessBase"]
[SourceDate "1998.03.26"]
[SourceVersion "1"]
[SourceVersionDate "1998.03.26"]
[SourceQuality "1"]

1. e4 c5 2. Nf3 Nc6 3. Bb5 g6 4. Bxc6 bxc6 (4... dxc6 5. O-O Bg7 6. d3 Nf6 7.
Bd2 $5) 5. O-O d6 6. h3 Bg7 7. c3 e6 $2 {This careless move unnessaserily
weakening d6 is the main reason of opening problems that black faces from this
moment.} (7... Nh6 $5 8. d4 cxd4 9. cxd4 f6 10. b3 Nf7 11. Bb2 O-O 12. Nbd2 Bd7
13. Qe2 Qc7 14. Rfe1 Qb7 $132 {Darchia,D-Lomineishvili,M/World Junior (Girls),
Zagan POL 1997 (48)}) 8. d4 cxd4 9. cxd4 Ne7 {Now knight has nothing to do on
h6 so the continuation which was played in the game is a logical one.} 10. Nc3
$14 O-O 11. Re1 Ba6 (11... f6 12. b3 Qc7 13. Bb2 Bb7 14. Rc1 $14) 12. Qa4 $5
Qb6 13. Qa3 $1 {[%csl Rd6] Showing black that the pawn on d6 needs protection.}
Rfd8 14. Bg5 f6 15. Bf4 Nc8 $6 (15... e5 $5 16. dxe5 dxe5 (16... fxe5 17. Bg5
Kf8 18. Rad1 h6 19. Be3 c5 20. b3 $14) 17. Be3 Qb7 18. Rad1 $14) 16. e5 $1 $16
dxe5 (16... fxe5 17. dxe5 d5 18. Na4 Qb5 19. Nd4 $18) 17. dxe5 Bf8 18. Qb3 Re8
(18... Qxb3 19. axb3 Bb7 (19... fxe5 $2 20. Bg5 $18) 20. exf6 $16) 19. exf6 Nd6
20. Ng5 Nf7 (20... Bc4 21. f7+ $1 $18) 21. Nxe6 $18 Bc8 22. Nc7 Rxe1+ 23. Rxe1
Rb8 24. Re8 Qxb3 25. axb3 g5 26. Ne6 $1 Bxe6 27. Bxb8 Bd7 1-0

[Event "USA-ch"]
[Site "Modesto"]
[Date "1995.??.??"]
[Round "13"]
[White "Ivanov, Alexander"]
[Black "Yermolinsky, Alex"]
[Result "1/2-1/2"]
[WhiteElo "2530"]
[BlackElo "2560"]
[Annotator "Ftacnik,L"]
[PlyCount "59"]
[EventDate "1995.11.??"]
[EventType "tourn"]
[EventRounds "13"]
[EventCountry "USA"]
[EventCategory "12"]
[SourceTitle "CBM 051"]
[Source "ChessBase"]
[SourceDate "1996.04.01"]
[SourceVersion "1"]
[SourceVersionDate "1996.04.01"]
[SourceQuality "1"]

1. e4 c5 2. Nf3 d6 3. Bb5+ Nd7 4. d4 Ngf6 5. e5 Qa5+ 6. Nc3 Nd5 7. Bd2 Nxc3 8.
Bxd7+ Bxd7 9. Bxc3 Qa6 10. d5 (10. Qd2 e6 11. exd6 cxd4 12. Qxd4 Qxd6 13. Qe3
Qa6 14. a3 f6 15. O-O-O O-O-O 16. Bd4 Kb8 17. Rd2 Be7 18. Rhd1 {1-0 Dueckstein,
A-Loebler,H/AUT-chT9495/1995 (24)}) 10... Bg4 (10... Qc4 $5 11. Qd2 Qe4+ 12.
Kf1 Bh3 13. Qd1 Bg4 14. exd6 O-O-O 15. h3 Bh5 16. Qe2 Qxe2+ 17. Kxe2 Rxd6 18.
Rhd1 e6 19. dxe6 Rxe6+ 20. Kf1 f6 21. Re1 Rxe1+ 22. Rxe1 Bd6 $15 {Arkhipov,
S-Lau,R/Lippstadt/1993/}) (10... Bf5 11. Nh4 Bd7 12. e6 fxe6 13. Qh5+ Kd8 14.
O-O-O $17 {Dobosz,H-Georgiev,Kr/Varna/1979/}) (10... e6 11. Ng5 dxe5 (11... Be7
12. dxe6 Bxe6 13. Nxe6 fxe6 14. exd6 O-O-O 15. Bxg7 Rhg8 16. dxe7 Rxd1+ 17.
Rxd1 Qc6 18. f3 Re8 19. Bf6 b6 20. Rd8+ {1-0 Miljanic,B-Aleksic,N/JUG-chT
Cetinje/1992 (37)}) 12. Qh5 (12. Qf3 f6 13. dxe6 Bc6 14. Qf5 Be7 15. O-O-O g6
16. Qh3 fxg5 17. Bxe5 O-O 18. Qh6 Rf6 19. h4 Qxa2 20. Qxh7+ Kxh7 21. hxg5+ Kg8
22. gxf6 {1-0 Curdo,J-Byrne,R/US op Chicago (04)/1994}) 12... O-O-O 13. Nxf7
Be8 14. dxe6 Bd6 {+/- Koshliak-Guseinov,A/URS/1976/}) (10... h6 11. Qd2 O-O-O
12. Qf4 f6 13. e6 Be8 14. a4 g5 15. Qe4 Rg8 16. Qe2 Qxe2+ 17. Kxe2 Bg6 18. Ne1
h5 19. f3 g4 {1-0 Van Riemsdijk,H-Sunye Neto,J/Merida (05)/1993 (51)}) 11. h3
Bh5 12. e6 $5 {Ambitious attempt to capitalize on the black's cramped kingside.
} (12. exd6 exd6 13. g4 Bg6 14. Nh4 Kd7 15. Nf5 (15. Nxg6 hxg6 16. Qf3 Re8+ 17.
Kd2 Be7 $1 18. Bxg7 Bg5+ 19. Kd1 Rxh3 $3 $19) 15... Bxf5 16. gxf5 Re8+ 17. Kd2
Qc4 18. Qf3 Re4 19. Rad1 Rf4 20. Qg2 Rxf5 $17 {1-0 Dobosz,H-Ftacnik,L/
Trencianske Teplice/1979 (42)}) 12... fxe6 13. dxe6 O-O-O (13... Qc4 14. Qe2)
14. Qd5 Bxf3 15. gxf3 (15. Qxf3 d5 $15) 15... Rg8 16. f4 $2 {White have lost
courage to pursue his plan till the end.} (16. Qh5 $1 d5 17. Qf7 d4 $1 (17...
Rh8 18. Be5 $14) 18. Bxd4 (18. Qxg8 dxc3 19. Qxh7 cxb2 20. Rb1 Qxe6+ $44) 18...
cxd4 19. Qxg8 Qa5+ 20. Kd1 (20. Kf1 Qb5+ 21. Kg2 Qg5+ $10) 20... d3 21. Qxh7
Qa4 $132) 16... g6 17. f5 $2 (17. Rg1 Bh6 $17) 17... gxf5 18. O-O-O Bg7 19.
Bxg7 Rxg7 20. Kb1 Rf8 21. c4 Qc6 22. Rhg1 Rg6 {It is technically not easy to
convert his spare P into a full point.} (22... Qxd5 23. cxd5 Rfg8 24. Rxg7 Rxg7
25. Rd3 $15) 23. Rxg6 hxg6 24. Rg1 Rf6 25. f4 Kc7 26. h4 b5 27. b3 (27. h5 gxh5
28. Rg7 (28. Rg8 Qxd5 29. cxd5 Rh6 $19) 28... bxc4 29. Rxe7+ Kb6 30. Qxc4 Qe4+
31. Qxe4 fxe4 32. Re8 Kc7 33. Kc2 d5 34. e7 Kd7 35. Rd8+ Kxe7 36. Rxd5 Rh6 37.
Rxc5 h4 38. Re5+ Kf6 39. Rxe4 h3 40. Re1 h2 41. Rh1 Kf5 $17) 27... bxc4 28.
bxc4 Qb7+ 29. Ka1 (29. Kc2 Qc8 30. Re1 Qa6 $17) 29... Qc6 $2 (29... Qc8 $1 30.
Re1 Qh8 $3 {Yermolinsky have lost the touch with all chances, since this swich
to a1-h8 diagonal would win.} 31. Kb1 Rf8 32. Re3 Rb8+ 33. Rb3 Rxb3+ 34. axb3
Qxh4 $19) 30. Rg3 1/2-1/2